[Event "SVK-chT1E 2122"]
[Site "Slovakia"]
[Date "2022.02.13"]
[Round "3.5"]
[White "Panko, Eduard1111"]
[Black "Kardis, Benjamin"]
[Result "1/2-1/2"]
[WhiteElo "2030"]
[BlackElo "1992"]
[PlyCount "63"]
[EventDate "2022.01.29"]
[EventType "team-tourn"]
[EventRounds "11"]
[EventCountry "SVK"]
[SourceTitle "EXT 2023"]
[Source "ChessBase"]
[SourceDate "2022.10.05"]
[SourceVersion "1"]
[SourceVersionDate "2022.10.05"]
[SourceQuality "1"]
[WhiteTeam "Bardejov"]
[BlackTeam "Humenne Reinter II"]
[WhiteTeamCountry "SVK"]
[BlackTeamCountry "SVK"]

1. e3 f5 2. f4 Nf6 3. Nf3 d5 4. c3 e6 5. d4 Bd6 6. Bd3 0-0 7. 0-0 b6 8. Qe2 Bb7 9. Bd2 Qe8 10. Ne5 Nbd7 11. Be1 Ne4 12. Nd2 Nxe5 13. fxe5 Be7 14. Nxe4 fxe4 15. Rxf8+ Qxf8 16. Ba6 Bxa6 17. Qxa6 Qf7 18. Bg3 Bg5 19. Re1 Rf8 20. h4 Bd8 21. Rf1 Qxf1+ 22. Qxf1 Rxf1+ 23. Kxf1 Kf7 24. Bf2 h5 25. g3 c5 26. Kg2 Kg6 27. Kh3 Kf5 28. Be1 Be7 29. b4 cxd4 30. cxd4 b5 31. a3 a6 32. Bd2 1/2-1/2

[Event "SVK-ch U20"]
[Site "Lubovna"]
[Date "2020.08.20"]
[Round "7"]
[White "Panko, Eduard1111"]
[Black "Kardis, Benjamin"]
[Result "1/2-1/2"]
[WhiteElo "2007"]
[BlackElo "2042"]
[PlyCount "35"]
[EventDate "2020.08.15"]
[EventType "swiss"]
[EventRounds "9"]
[EventCountry "SVK"]
[SourceTitle "EXT 2021"]
[Source "ChessBase"]
[SourceDate "2020.10.23"]
[SourceVersion "1"]
[SourceVersionDate "2020.10.23"]
[SourceQuality "1"]

1. b3 e5 2. Bb2 Nc6 3. e3 Nf6 4. Bb5 Bd6 5. Nc3 0-0 6. Nge2 a6 7. Bxc6 dxc6 8. Ng3 Bg4 9. f3 Be6 10. Qe2 a5 11. 0-0 Qe7 12. Nce4 Nxe4 13. fxe4 g6 14. Qf3 Qg5 15. Qf6 Qxf6 16. Rxf6 Be7 17. Rf2 f6 18. a4 1/2-1/2

[Event "SVK-chT1E 1920"]
[Site "Slovakia"]
[Date "2019.12.08"]
[Round "6.6"]
[White "Kardis, Benjamin"]
[Black "Verbovsky, Michal"]
[Result "1/2-1/2"]
[WhiteElo "2023"]
[BlackElo "2036"]
[PlyCount "88"]
[EventDate "2019.10.12"]
[EventType "team-tourn"]
[EventRounds "11"]
[EventCountry "SVK"]
[SourceTitle "CBM 194 Extra"]
[Source "ChessBase"]
[SourceDate "2020.03.31"]
[SourceVersion "1"]
[SourceVersionDate "2020.03.31"]
[SourceQuality "1"]
[WhiteTeam "Humenne Reinter II"]
[BlackTeam "Sabinov"]
[WhiteTeamCountry "SVK"]
[BlackTeamCountry "SVK"]

1. f4 Nf6 2. g3 d5 3. Bg2 g6 4. Nf3 Bg7 5. 0-0 0-0 6. d3 c5 7. c3 Nc6 8. Na3 Rb8 9. Rb1 b5 10. Nc2 Qb6 11. Kh1 d4 12. Bd2 Rd8 13. cxd4 cxd4 14. Rc1 Nd5 15. Qe1 Bb7 16. Qf2 e6 17. g4 Nde7 18. Ng5 h6 19. Nf3 Qa6 20. a3 Rbc8 21. Qh4 f5 22. Nb4 Nxb4 23. axb4 Qd6 24. gxf5 exf5 25. Qg3 Kh7 26. Kg1 Bxf3 27. Qxf3 Qb6 28. Kh1 Rxc1 29. Rxc1 Rd7 30. Qf1 Qd6 31. Rc5 a6 32. Qc1 Qe6 33. Bf3 Nd5 34. Kg1 Bf8 35. Rc6 Rd6 36. Rc8 Be7 37. Kf2 Bh4+ 38. Kf1 Be7 39. Rc5 Kg7 40. b3 Kf7 41. Qa1 Nf6 42. Qb2 Ng4 43. Kg1 Bf6 44. Rc7+ Be7 1/2-1/2

[Event "SVK-chT1E 1819"]
[Site "Slovakia"]
[Date "2019.03.16"]
[Round "10.4"]
[White "Holly, Andrej"]
[Black "Kardis, Benjamin"]
[Result "1-0"]
[WhiteElo "2059"]
[BlackElo "1906"]
[PlyCount "61"]
[EventDate "2018.10.27"]
[EventType "team-tourn"]
[EventRounds "11"]
[EventCountry "SVK"]
[SourceTitle "CBM 189 Extra"]
[Source "ChessBase"]
[SourceDate "2019.06.03"]
[SourceVersion "1"]
[SourceVersionDate "2019.06.03"]
[SourceQuality "1"]
[WhiteTeam "Liptov Chess School II"]
[BlackTeam "Kosice Slavia TU II"]
[WhiteTeamCountry "SVK"]
[BlackTeamCountry "SVK"]

1. c4 f5 2. g3 Nf6 3. Bg2 e6 4. Nf3 Be7 5. 0-0 0-0 6. d3 c6 7. Nbd2 d5 8. b3 Qe8 9. Qc2 Qh5 10. e4 Na6 11. exd5 exd5 12. Re1 Bd6 13. Bb2 Bd7 14. Ne5 Bxe5 15. Bxe5 dxc4 16. bxc4 Ng4 17. Nf3 f4 18. Bxf4 g5 19. Bd6 Rf6 20. c5 Nb4 21. Qc4+ Nd5 22. h3 Nh6 23. Nd4 Nf7 24. Bxd5 cxd5 25. Qxd5 Qxh3 26. Re7 Rf8 27. Re5 Rh6 28. Rxg5+ Kh8 29. Bxf8 Qh2+ 30. Kf1 Nxg5 31. Qe5+ 1-0

[Event "SVK-chT2D 1819"]
[Site "Slovakia"]
[Date "2018.12.15"]
[Round "5.4"]
[White "Kmit, Jozef"]
[Black "Kardis, Benjamin"]
[Result "1/2-1/2"]
[WhiteElo "2056"]
[BlackElo "1819"]
[PlyCount "91"]
[EventDate "2018.10.13"]
[EventType "team-tourn"]
[EventRounds "11"]
[EventCountry "SVK"]
[SourceTitle "CBM 189 Extra"]
[Source "ChessBase"]
[SourceDate "2019.06.03"]
[SourceVersion "1"]
[SourceVersionDate "2019.06.03"]
[SourceQuality "1"]
[WhiteTeam "Stropkov/Svidnik"]
[BlackTeam "Humenne Reinter"]
[WhiteTeamCountry "SVK"]
[BlackTeamCountry "SVK"]

1. d4 d5 2. e4 dxe4 3. Nc3 Nf6 4. Bg5 Bf5 5. f3 exf3 6. Nxf3 e6 7. Bc4 Be7 8. 0-0 0-0 9. Qe2 c6 10. Rae1 Bg4 11. Qd2 Nbd7 12. Kh1 Nb6 13. Bd3 Nbd5 14. Ne5 Bh5 15. h3 Nxc3 16. Bxf6 Bxf6 17. bxc3 c5 18. Qf4 Bg6 19. Bxg6 hxg6 20. Ng4 cxd4 21. Nxf6+ Qxf6 22. Qe4 Qe7 23. cxd4 Qd7 24. Rb1 b6 25. Rf3 Rad8 26. c3 Qd5 27. Qe2 Rc8 28. Rbf1 Rc7 29. Qf2 Qd7 30. Qg3 Rc6 31. h4 Qc7 32. Qh3 e5 33. d5 Rc4 34. Rd1 Rd8 35. h5 Qe7 36. g3 e4 37. hxg6 fxg6 38. Rf4 g5 39. Rf2 Rd6 40. Kg1 Rh6 41. Qf5 Rxc3 42. d6 Rxg3+ 43. Kf1 Qd8 44. Qf7+ Kh7 45. Qf5+ Kg8 46. Qf7+ 1/2-1/2

[Event "Kosice Kotan Memorial"]
[Site "Kosice"]
[Date "2018.07.22"]
[Round "3"]
[White "Kardis, Benjamin"]
[Black "Dovzik, Juri"]
[Result "1/2-1/2"]
[WhiteElo "1857"]
[BlackElo "2288"]
[PlyCount "89"]
[EventDate "2018.07.21"]
[EventType "swiss"]
[EventRounds "9"]
[EventCountry "SVK"]
[SourceTitle "CBM 185 Extra"]
[Source "ChessBase"]
[SourceDate "2018.07.29"]
[SourceVersion "1"]
[SourceVersionDate "2018.07.29"]
[SourceQuality "1"]

1. d4 d5 2. e3 Nf6 3. Bd3 c5 4. c3 Qc7 5. f4 Bg4 6. Nf3 e6 7. 0-0 Nbd7 8. Nbd2 Be7 9. Qe1 Bf5 10. e4 dxe4 11. Nxe4 0-0 12. Nf2 Rfe8 13. Be3 Rad8 14. Ne5 Nd5 15. Bd2 Nxe5 16. dxe5 Bxd3 17. Nxd3 Nxc3 18. Bxc3 Rxd3 19. f5 c4 20. f6 Bc5+ 21. Kh1 g6 22. Qh4 b5 23. Rac1 Red8 24. a3 a5 25. h3 h5 26. Qe1 R8d5 27. Bxa5 Qxe5 28. Qxe5 Rxe5 29. a4 Bd4 30. Bc7 Re4 31. axb5 Bxb2 32. Rc2 Rb3 33. b6 c3 34. Rd1 g5 35. Rd7 Reb4 36. Rd3 Rb5 37. Kg1 Kh7 38. Bd8 Rd5 39. Rxd5 exd5 40. Kf2 d4 41. Ke2 Kg6 42. Kd3 Rb4 43. g4 h4 44. Re2 Bc1 45. Re8 1/2-1/2

[Event "SVK-chT U20 final"]
[Site "Trnava"]
[Date "2018.05.04"]
[Round "1.3"]
[White "Turcan, Richard"]
[Black "Kardis, Benjamin"]
[Result "1-0"]
[WhiteElo "2261"]
[BlackElo "1839"]
[PlyCount "119"]
[EventDate "2018.05.04"]
[EventType "team-tourn"]
[EventRounds "5"]
[EventCountry "SVK"]
[SourceTitle "EXT 2019"]
[Source "ChessBase"]
[SourceDate "2018.10.10"]
[SourceVersion "1"]
[SourceVersionDate "2018.10.10"]
[SourceQuality "1"]
[WhiteTeam "Banska Bystrica Junior"]
[BlackTeam "Presov Slavia"]
[WhiteTeamCountry "SVK"]
[BlackTeamCountry "SVK"]

1. e4 Nc6 2. Nc3 e6 3. d4 d6 4. Nf3 g6 5. Bg5 Be7 6. Be3 Nf6 7. h3 a6 8. Bd3 e5 9. dxe5 dxe5 10. Bc4 Bd7 11. 0-0 Nh5 12. Qd2 0-0 13. Bh6 Ng7 14. Rad1 Be6 15. Bxe6 fxe6 16. Qxd8 Raxd8 17. Be3 Bf6 18. Ne2 Rxd1 19. Rxd1 Rd8 20. Rxd8+ Bxd8 21. c3 Be7 22. Nc1 Ne8 23. Nd3 Bf6 24. Nc5 Nd8 25. Bg5 a5 26. Bxf6 Nxf6 27. Nxe5 b6 28. Ned7 Kf7 29. Nxf6 Kxf6 30. Nd7+ Ke7 31. Ne5 Nb7 32. Nd3 Kd6 33. f4 b5 34. Kf2 c5 35. Ke3 c4 36. Ne5 Nc5 37. Kd4 Na4 38. b3 cxb3 39. axb3 Nc5 40. Nf7+ Kc6 41. Nd8+ Kb6 42. b4 axb4 43. cxb4 Na6 44. Kc3 Nc7 45. g4 h5 46. gxh5 gxh5 47. h4 Ka7 48. Kd4 Na6 49. Nxe6 Nxb4 50. Kc5 Nd3+ 51. Kxb5 Kb8 52. Kc4 Ne1 53. f5 Nf3 54. f6 Kc8 55. Kd5 Nxh4 56. f7 Ng6 57. f8Q+ Nxf8 58. Nxf8 h4 59. Ng6 h3 60. Ne7+ 1-0